00305nam a2200121Ia 4500008004100000041000800041082001400049100001900063245002600082260003300108300003100141365001100172240624s9999 xx 000 0 und d aeng a332.1 KUM aKUMAR V V RAVI aNEW TRENDS IN BANKING c2006aHyderabadbICFAI press axii, : 209 : p. : cm. ; 23 cRSb50